| 000 | 00785cab a2200217 4500 | ||
|---|---|---|---|
| 001 | WB3410-24 | ||
| 008 | 090401t1998 xxu||||| |||| 00| 0 eng d | ||
| 035 | _a(Sirsi) u84786 | ||
| 041 | _aeng | ||
| 245 | _aProperty index under fire | ||
| 260 | _c1998 | ||
| 350 | _a0 | ||
| 490 |
_aFinancial Times _v10 March 1998, 9(1) |
||
| 520 | _aInvestment Property Databank is being attacked for trying to change the way that their property index is calculated. They have decided to recalculate prior years` property returns due to three large funds having joined the index. See also WB3409-03. | ||
| 650 | _aINVESTMENT PROPERTY DATABANK | ||
| 650 | _aIPD INDEX | ||
| 650 | _aPROPERTY INDEX | ||
| 690 | _aPROPERTY-PROPERTY FINANCE AND INVESTMENT | ||
| 942 | _n0 | ||
| 948 | _c11/03/1998 | ||
| 999 |
_c53315 _d53315 |
||